Gems, Minerals & Metals - Statistics

General Stats
  • This quiz has been taken 171 times
    103 since last reset
  • The average score is 10 of 24
Answer Stats
Picture Answer % Correct
Amethyst
90%
Obsidian
89%
Quartz
86%
Opal
79%
Pyrite
73%
Ruby
73%
Lapis Lazuli
59%
Malachite
59%
Bismuth
56%
Tiger's Eye
45%
Citrine
40%
Turquoise
38%
Calcite
34%
Labradorite
33%
Fluorite
30%
Hematite
29%
Kyanite
25%
Rhodochrosite
21%
Aragonite
16%
Moonstone
14%
Rhodonite
13%
Aventurine
10%
Carnelian
10%
Chrysoprase
6%
No matching quizzes found
Score Distribution
Percent of People with Each Score
Percentile by Number Answered
Your Score History
You have not taken this quiz since the last reset